000 00488nam a2200181Ia 4500
001 18326
005 20260306171622.0
008 260306s9999||||xx |||||||||||||| ||und||
041 _aESP
082 _a658.403
_bM26
100 _aMartínez Ochoa, Luis
_eAUT
245 0 _aGestión de conocimiento e intangibles:
_bimpacto en contabilidad y mercado de capitales
260 _c2002
300 _a211 páginas :
_c23 cm.
650 _aGEN
654 _aCAN
942 _cLIB
_dJUS
_fJUS
_2ddc
_n
999 _c18326
_d18326